Pensamientos

Guardat en:
Dades bibliogràfiques
Autor principal: Pascal, Blaise (Pascal, Blas) (autor)
Format: Llibre
Idioma:espanyol
Publicat: Madrid SARPE 1984
Edició:1a. ed
Col·lecció:Los Grandes Pensadores, 44
Matèries:
Etiquetes: Afegir etiqueta
Sense etiquetes, Sigues el primer a etiquetar aquest registre!

MARC

LEADER 00000cam a2200000 a 4500
001 UCE2287
003 CL-VaPUC
008 140619e19840000sp |||||||||||||||||spa|d
020 |a 8459901963 
082 0 4 |a 194  |b PAS  |2 21 
100 |a Pascal, Blaise  |q (Pascal, Blas)  |e autor  |9 583633 
245 1 0 |a Pensamientos 
250 |a 1a. ed 
300 |a 294 p 
942 |c BK 
945 |d 20140619 13:53:00  |a dcastane 
260 |a Madrid  |b SARPE  |c 1984 
650 0 |a Filosofía francesa   |9 255698 
650 0 |a Filosofía cristiana   |9 265980 
650 0 |a Teología   |9 258766 
583 |a last modification  |c 20140619 13:53:00  |k Rodrigo Vera 
490 0 |a Los Grandes Pensadores, 44 
999 |c 355925  |d 355923 
952 |0 0  |1 0  |3 erd  |4 0  |6 194_000000000000000_PAS_1984  |7 0  |8 X  |9 462909  |a FDOBUD  |b FDOBUD  |i 5042755  |o 194 PAS 1984  |p 5042755  |r 2019-11-23  |w 2019-11-23  |y BK_X  |z Catalogado en:20140619  |k BUD